1579 1648 1720 1882 1029 1667 1165 1854 1716 1171 1330 1547 1730 1560 1515 1220 1627 1886 1551 1343 1855 1385 1030 1993 1003 1378 1973 1163 1271 1099 1875 1881 1188 1849 1534 1318 1201 1409 1943 1979 1566 1279 1280 1240 1166 1338 1660 1543 1985 1586 1583 1908 1608 1016 1718 1495 1351 1822 1217 1182 1402 1424 1739 1910 1358 1242 1400 1727 1465 1557 1739 1466 1826 1721 1351 1426 1424 1816 1817 1888 1221 1117 1280 1628 1588 1929 1236 1416 1684 1104 1040 1789 1381 1629 1330 1373 1647 1172 1334 BCNSPRNW ULIB Ver.6.0+V

เปลี่ยนเป็นภาษาไทย

Change to English
 แสดงรายละเอียดบรรณานุกรม
  กลับหน้าหลัก

Brief Record : Get Marc (ISO 2709) : E-mail record : QR code < ปิดหน้าต่าง
LEADER : 00000nam 2200000uu 4500
001    13399108024
003     ULIB
008    110215s||||||||th 000 0 tha d
020    9786165070041
060 04 QU145^bว432ร 2552
100 0  วันทนีย์ เกรียงสินยศ
245 10 รู้กิน-รู้โรค /^cโดยวันทนีย์ เกรียงสินยศ
250    พิมพ์ครั้งที่ 1
260    กรุงเทพฯ :^bหมอชาวบ้าน,^c2552
300    121 หน้า :^bภาพประกอบ ;^c21 ซม.
650  7 โภชนบำบัด
650  7 โรค^xการป้องกันและควบคุม
650  7 อาหารเพื่อสุขภาพ
945    ^p165^l0^i027108
945    ^p165^l0^i027107
995    ทศพร
999 ^a ใช้งานได้ทุกระบบ
รายการนี้ยังไม่มีแท็ก
คุณยังไม่ได้ล็อกอิน คุณสามารถมีกิจกรรมร่วมกับเว็บไซต์ได้ แต่ต้องล็อกอินก่อน ::
  ล็อกอิน

รายการสื่อสารสนเทศ

ลำดับที่ ประเภท เลขเรียก/บาร์โค้ด สถานที่ สถานะ
- ไม่พบข้อมูล -

รายการใกล้เคียง
    ผู้แต่ง [วันทนีย์ เกรียงสินยศ]

    หัวเรื่อง [โภชนบำบัด]
    หัวเรื่อง [อาหารเพื่อสุขภาพ]

BibComment


ยังไม่เคยถูกคอมเมนท์

คอมเมนท์ทรัพยากรรายการนี้
  คอมเมนท์: รู้กินรู้โรค โดย..


 Copyright 2026. Bcnsprnw @Library